Arrow Quiz - Statistics

General Stats
  • This quiz has been taken 19 times
  • The average score is 18 of 39
Answer Stats
Question Type Answer % Correct
How many arrows does Oliver keep in his quiver? Fill in the blank 24
77%
What is Felicity's codename? Question and Answer Overwatch
77%
What is the name of Thea's nightclub? Question and Answer Verdant
77%
What is Felicity's middle name? Fill in the blank Megan
69%
Where was Ra's al-Ghul killed? (Specific city/town) Question and Answer Star City
69%
Dinah Drake is Bat Girl? True or False False
62%
What is Oliver's middle name? Fill in the blank Jonas
62%
Who was the Assisant District Attorney? Question and Answer Laurel Lance
62%
What is the name of the pit in Nanda Parbat? Question and Answer Lazarus
62%
Who was the Dark Archer? Question and Answer Malcolm Merlyn
62%
What is Deathstroke's real name? Question and Answer Slade Wilson
62%
Who was the Owner of Verdant? Question and Answer Thea Queen
62%
What does Ray call his super-suit? Question and Answer The A.T.O.M
62%
Sara is the White Canary? True or False True
62%
What does Oliver normally say to the people on his list when he is about to apprehend them? Fill in the blank "You Have Failed This City!"
62%
Who was the Head of A.R.G.U.S. before Lyla? Question and Answer Amanda Waller
54%
What was the name of the Russian Mafia Organization that Oliver was a part of? Fill in the blank Bratva
54%
Who was the Black Canary after Laurel? Question and Answer Dinah Drake
54%
Roy's vigilante name is, "Red Arrow." True or False False
54%
Who was the CEO of Palmer Tech.? Question and Answer Felicity Smoak
54%
Who was the Huntress? Question and Answer Helena Bertinelli?
54%
Who trained Thea how to fight? Fill in the blank Malcolm Merlyn
54%
Who was the Founder of Verdant? Question and Answer Oliver Queen
54%
What was the name of Maseo and Tatsu's child? Question and Answer Akio
46%
Who killed Dig's brother the first time? Fill in the blank Deadshot
46%
What was the name of the Organization that hired the previous answer to kill Dig's brother? Fill in the blank H.I.V.E
46%
Where did Thea go into hiding after she learned Roy was working with the Arrow? Fill in the blank Corto Maltese
38%
What is Felicity's religion? Fill in the blank Jewish
38%
Who was also known as Sarab? Question and Answer Maseo Yamashiro
38%
What was the name of the British "antihero" who helped find and bring back Sara's soul to her body? Fill in the blank John Constantine
31%
What does al-Sahim mean? Question and Answer The Arrow
31%
What does al-Saher mean? Question and Answer The Magician
31%
What is Tatsu's alias? Fill in the blank Katana
23%
What was the name of the drug found on Lian Yu? Fill in the blank Mirikuru
15%
What was the name of Malcolm's wife, who was killed? Fill in the blank Rebecca Merlyn
15%
Who killed Malcolm's wife? Fill in the blank Brick
8%
Who visited the answer to two questions ago, to hire him to assassinate Andy Diggle? Fill in the blank Mina Fayad
8%
What was Deadshot's daughter's name? Fill in the blank Zoey
8%
What does Ra's al-Ghul mean? Question and Answer The Devil's Head
0%
No matching quizzes found
Score Distribution
Percent of People with Each Score
Percentile by Number Answered
Your Score History
You have not taken this quiz